000 00319nam a22001457a 4500
008 211012b ||||| |||| 00| 0 eng d
020 _a9780136090984
041 _aeng
080 _22nd
_a33
082 _a33
100 _a58
101 _aBIZ
245 _aInternational Business
_cCavusgil, S.T
942 _2udc
_cBK
999 _c58174
_d58174